000 00598nam a2200205Ii 4500
003 JO-AjNU
008 230606s9999||||xx |||||||||||||| ||und||
020 _a978-0-300-16558-6
040 _aJO-AjNU
_beng
_erda
_cJO-AjNU
041 _aeng
050 1 4 _aT10.7.B47.2010
100 3 _adibbell,Julian,
_eauthor
_94035
245 0 4 _athe Best Technology Writing2010
264 3 1 _aLondon:yale universiy press,2010
300 _a338p
336 _atext
_btxt
_2rdacontent
337 _aunmediated
_bn
_2rdamedia
338 _avolume
_bnc
_2rdacarrier
650 4 _athe Best Technology Writing2010
_94036
999 _aE2101
_c2100
_d2100